000 01198nam2a2200325 4500
001 RU\NLR\bibl\367828
005 20250621162542.0
010 _a5-275-00718-3
021 _aRU
_b2002-61609
_92989
035 _a(NLR Aleph) 000362389
090 _a343928
_c343928
100 _a20030211d2002 |||y0rusy50 ca
101 1 _arus
_ceng
102 _aRU
105 _ay |||||||||
200 1 _aВажнее денег
_aСбей - и беги
_f[Пер. Н. Краснослободского]
210 _d2002
_aБ. м.
215 _a429,[2] с.
461 0 _1001RU\NLR\bibl\5930
_12001#$aСобрание сочинений$vТ. 27
_916666
_aЧейз, Д. Х. (1906-1985)
_cМ.
_d1997
_fДж.Х. Чейз
_nТЕРРА
_oВ 30 т.
_tСобрание сочинений
_y5-300-01371-4
_vТ. 27
610 0 _aДетективные романы и рассказы (х. л.)
675 _a821.111Чейз2
_v3
_zrus
675 _a821.111-31Чейз
_v3
_zrus
686 _a17.82
_2rugasnti
686 _a84(4Вел)-44
_2rubbk
686 _aШ6(4Вл)67-446{Лх1299-60}
801 0 _aRU
_bRKP
_c20030211
_gPSBO
801 1 _aRU
_bRKP
_c20030211
801 2 _aRU
_bNLR
_c20030320
_grcr
942 _cBOOK
980 _aNB